Surveying and levelling / (Record no. 2480)
[ view plain ]
| 000 -LEADER | |
|---|---|
| fixed length control field | 00398cam a2200157ua 4500 |
| 003 - CONTROL NUMBER IDENTIFIER | |
| control field | OSt |
| 008 - FIXED-LENGTH DATA ELEMENTS--GENERAL INFORMATION | |
| fixed length control field | 250423b |||||||| |||| 00| 0 eng d |
| 082 ## - DEWEY DECIMAL CLASSIFICATION NUMBER | |
| Classification number | 624.1517 |
| Item number | KAN/SU |
| 100 ## - MAIN ENTRY--AUTHOR NAME | |
| Personal name | Kanetkar, T P . |
| 245 ## - TITLE STATEMENT | |
| Title | Surveying and levelling / |
| 250 ## - EDITION STATEMENT | |
| Edition statement | 22 / |
| 260 ## - PUBLICATION, DISTRIBUTION, ETC. (IMPRINT) | |
| Place of publication | Pune : |
| Name of publisher | A.V Griha Publication , |
| Year of publication | 1967. |
| 300 ## - PHYSICAL DESCRIPTION | |
| Number of Pages | 624 ; . |
| 700 1# - ADDED ENTRY--PERSONAL NAME | |
| Personal name | Kulkarni, S V . |
| 942 ## - ADDED ENTRY ELEMENTS (KOHA) | |
| Koha item type | Books |
| Withdrawn status | Lost status | Damaged status | Home library | Current library | Date acquired | Full call number | Accession Number | Koha item type |
|---|---|---|---|---|---|---|---|---|
| Withdrawn | KAUAET | KAUAET | 07/04/2012 | 624.1517 | 8144 | Books | ||
| KAUAET | KAUAET | 07/04/2012 | 624.1517 KAN/SU | 8143 | Books | |||
| Withdrawn | KAUAET | KAUAET | 07/04/2012 | 624.1517 KAN/SU | 8137 | Books |
